Регионална библиотека "Любен Каравелов" - Русе

От другата страна (Запис номер 480539)

MARC детайли
000 -Лидер
Лидер 00886nam a2200253 a 4500
003 - Код на организацията, давaща контролен номер
Код на организацията, даваща контролен номер BLK
005 - Дата и час на последна редакция
Дата и час на последна редакция 20250212115039.0
008 - Елементи от данни с фиксирана дължина
Елементи с фиксирана дължина 221114b bul|||||r ||||||| ||bul||
020 ## - Международен стандартен номер на книга ISBN
ISBN 9786197540161
040 ## - Източник на каталожния запис
Код на библиотеката BLK
041 ## - Код за език
Език Български
Език за КДБФ Български
080 ## - УДК
УДК текст Българска литература
УДК код 821.163.2
УДК – определител -31
УДК – код + определител 821.163.2-31
084 ## - Класификационен индекс по друга класификация
Авторски знак Кал - К 16
100 1# - Редна дума - Автор
Автор Калбуров, Димитър
R(LIN) 345554
245 10 - Сведения за заглавието
Заглавие От другата страна
Авторска отговорност Димитър Калбуров.
257 ## - Страна на издаване
Страна на създаване/издаване България
260 ## - Област на издателските данни
Място на издаване София
Име на издателя Пощенска кутия за приказки
Година на издаване 2022
Печатница София : Алианс принт
300 ## - Физическа характеристика
Брой страници 450 с.
Размер 21 см
380 ## - Жанр
Жанр Худож. лит.
852 ## - Местоположение
Отдел Заемна - подръчен фонд
Систематично-азбучна сигнатура 821.163.2-31/К 16 Д
942 ## - АРТИКУЛИ
Вид на библиотечния документ Книги
Скрит в OPAC Не
Koha issues (borrowed), all copies 19
Периодичен библиозапис Да
944 ## - СЪЗДАВАНЕ И РЕДАКЦИЯ на ЗАПИСА
Служител, извършил регистрацията/редакцията 30575
Номер на служител Мартин Енчев
Създаване/Редакция Редакция
Дата на регистрацията/редакция 2024-06-11
999 ## - СИСТЕМНИ КОНТРОЛНИ НОМЕРА
Koha biblionumber 480539
Koha biblioitemnumber 480539
Наличности
Код за отписване Код за изгубен артикул Източник на класификационната схема Код за повреда Коз за рестрикции Код за отдаване Артикулен № Име на библиотеката - собственик Име на библиотеката, в която се намира в момента Статус (Текущо местоположение) Дата на вписване в системата Местоположение - отдел Цена в лева Систематично азбучна сигнатура Баркод Цена в евро Служебен тип на артикула Инвентарен номер
  Не е изгубен Universal Decimal Classification Не е повреден без рестрикции заемане за дома 912622 Регионална библиотека "Любен Каравелов" Русе Регионална библиотека "Любен Каравелов" Русе Заемна - подръчен фонд 2022-11-14 Заемна - подръчен фонд 16.00 821.163.2-31/К 16 Д 120000878679 8.18 Книги  
  Не е изгубен Universal Decimal Classification Не е повреден само за читалня ползва се в читалня 940659 Регионална библиотека "Любен Каравелов" Русе Регионална библиотека "Любен Каравелов" Русе Хранилище 2024-03-11 Хранилище 20.00 Цб 321849 120000899672 10.23 Книги 120000899672
  Не е изгубен Universal Decimal Classification Не е повреден   заемане за дома 944103 Регионална библиотека "Любен Каравелов" Русе Регионална библиотека "Любен Каравелов" Русе Заемна - подръчен фонд 2024-06-13 Заемна - подръчен фонд 20.00 821.163.2-31/К 16 Д 120000909213 10.23 Книги 120000909213
Vip Innovations Ltd, Rousse, Bulgaria 2025